01084cam a22002775a 4500001001000000003000400010005001700014008004100031020001800072020001500090040004000105082002100145100004400166245012600210250001200336260005500348300003500403500002500438504004100463650006500504653003400569700003600603942000800639999001700647952014200664015499205OSt20160123152406.0091103t2011 nyua frb 001 0 eng d a9780071267434 a0071267433 aStDuBDSbengcStDuBDSdUkdEG-ScBUE04a658.049222bBAR1 aBartlett, Christopher A.,d1943-93621010aTransnational management :btext, cases and readings in cross-border management /cChristopher A. Bartlett, Paul Beamish. a6th ed. aNew York :bMcGraw-Hill Higher Education,cc.2011. axvii, 762 p. :bill. ;c24 cm. aIndex : p. 749-762.  aIncludes bibliographical references. 7aInternational business enterprisesxManagement.2BUEsh94507 bBUSADMcJuly2015cJanuary20161 aBeamish, Paul W.,d1953-933559 2ddc c20391d20363 00102ddc40708BaccahaMAINbMAINc1STd2015-07-30ePurchaseg289.00h21758l0o658.049 BARp000039597r2025-07-15 00:00:00v361.25yBB